Peraturan-peraturan pegawai awam (kelakuan dan tatatertib 1993, peraturan-peraturan Lembaga Tatatertib 1993

Bibliographic Details
Corporate Author: Malaysia
Format: Book
Published: Kuala Lumpur : MDC , 1993
Series:Undang-undang Malaysia
Subjects:

MARC

LEADER 00000cam a2200000 7i4500
001 0000003903
005 20110908.0
090 0 0 |a R 354.595001   |b MAL 1993 
110 1 0 |a Malaysia 
245 1 0 |a Peraturan-peraturan pegawai awam (kelakuan dan tatatertib 1993, peraturan-peraturan Lembaga Tatatertib 1993 
260 0 0 |a Kuala Lumpur :   |b MDC ,   |c 1993 
300 |a .98 p ;   |c 25cm. 
440 0 0 |a Undang-undang Malaysia 
650 0 0 |a Employee rules   |z Malaysia 
650 0 0 |a Personnel management 
998 |a JPSM 
999 |a 007683   |b Monograph   |c Reference   |e Default branch